[Event "ICS rated blitz match"]
[Site "204.178.125.65"]
[Date "2001.09.26"]
[Round "?"]
[White "Hossa"]
[Black "Jei"]
[Result "1-0"]
[WhiteElo "2613"]
[BlackElo "2168"]
[PlyCount "61"]
[EventDate "2001.??.??"]

1. d4 Nf6 2. c4 e6 3. Nf3 d5 4. g3 dxc4 5. Bg2 Be7 6. Ne5 c6 7. O-O O-O 8. Nxc4
Na6 9. Nc3 c5 10. dxc5 Nxc5 11. Bf4 Bd7 12. b4 Na6 13. Bxb7 Bxb4 14. Be5 Nc5
15. Bxa8 Qxa8 16. Bxf6 gxf6 17. Qc2 Qc6 18. Rfd1 Bc8 19. Rd6 Qc7 20. Rd4 Bb7
21. Rg4+ Kh8 22. Rh4 f5 23. Rb1 Qc6 24. f3 a5 25. a3 Bxc3 26. Qxc3+ f6 27. Nxa5
Qd5 28. Rc4 Na6 29. Rxb7 Nb8 30. Qxf6+ Kg8 31. Qg7# {Jei checkmated} 1-0

[Event "ICS rated blitz match"]
[Site "204.178.125.65"]
[Date "2001.09.26"]
[Round "?"]
[White "sasha"]
[Black "Hossa"]
[Result "0-1"]
[WhiteElo "2200"]
[BlackElo "2617"]
[PlyCount "66"]
[EventDate "2001.??.??"]

1. d4 d5 2. c4 e6 3. Nf3 Nf6 4. Nc3 Be7 5. Bg5 h6 6. Bh4 O-O 7. e3 Nc6 8. Bxf6
Bxf6 9. cxd5 exd5 10. Bd3 Nb4 11. Bb1 b6 12. O-O c5 13. a3 Nc6 14. Ba2 Be6 15.
Rb1 cxd4 16. exd4 Qd6 17. h3 Rfe8 18. Qd2 a6 19. b4 Ne7 20. Rbc1 Rac8 21. Rfd1
Ng6 22. Ne2 Bd7 23. Rxc8 Rxc8 24. Rc1 Bc6 25. Rc2 Re8 26. Qc1 Bd7 27. Nc3 Nf4
28. Qf1 Bf5 29. Rd2 Qc6 30. Ne2 Rxe2 31. Rxe2 Bd3 32. Bxd5 Qd7 33. Kh2 Bxe2 {
sasha resigns} 0-1

[Event "ICS rated blitz match"]
[Site "204.178.125.65"]
[Date "2001.09.26"]
[Round "?"]
[White "Hossa"]
[Black "Jei"]
[Result "1-0"]
[WhiteElo "2617"]
[BlackElo "2139"]
[PlyCount "75"]
[EventDate "2001.??.??"]

1. c4 Nf6 2. g3 e6 3. Bg2 Be7 4. Nf3 d5 5. cxd5 exd5 6. O-O O-O 7. d4 c6 8. Nc3
Bf5 9. Bf4 Nbd7 10. Qd2 Nb6 11. b3 Bb4 12. Nh4 Be4 13. f3 Bg6 14. Nxg6 hxg6 15.
a3 Bd6 16. Rfd1 Re8 17. e4 dxe4 18. fxe4 Bxf4 19. Qxf4 Rc8 20. Bh3 Rc7 21. Ra2
Rce7 22. Bg2 Qc7 23. e5 Nfd5 24. Nxd5 Nxd5 25. Bxd5 cxd5 26. Qf3 Qd7 27. Rf1
Rc8 28. Raf2 Rc7 29. a4 Rc6 30. Qg2 Rb6 31. Rf3 Rbe6 32. Qh3 Rc6 33. Qh4 Rc7
34. g4 Qe6 35. Rh3 f6 36. exf6 gxf6 37. Qh8+ Kf7 38. Rh7# {Jei checkmated} 1-0

[Event "ICS rated blitz match"]
[Site "204.178.125.65"]
[Date "2001.09.26"]
[Round "?"]
[White "Jei"]
[Black "Hossa"]
[Result "0-1"]
[WhiteElo "2137"]
[BlackElo "2619"]
[PlyCount "64"]
[EventDate "2001.??.??"]

1. e4 c5 2. Nf3 e6 3. d3 Nc6 4. Nbd2 d5 5. g3 Nf6 6. Bg2 Bd6 7. O-O O-O 8. Re1
Qc7 9. Qe2 Nb4 10. Nf1 dxe4 11. dxe4 Nd7 12. a3 Nc6 13. h4 Nde5 14. N1h2 f5 15.
Nxe5 Nd4 16. Qd3 Bxe5 17. exf5 Nxf5 18. Ng4 Bd6 19. Bd2 c4 20. Qe2 Nd4 21. Qd1
Qf7 22. Be3 Nf5 23. Bd4 Qc7 24. Bc3 Qb6 25. Ne3 Bxg3 26. Nxc4 Qxf2+ 27. Kh1 Bf4
28. Re4 Ng3+ 29. Kh2 Ne2+ 30. Rxf4 Qxf4+ 31. Kh1 Qxh4+ 32. Bh3 Qxh3# {
Jei checkmated} 0-1

[Event "ICS rated blitz match"]
[Site "204.178.125.65"]
[Date "2001.09.26"]
[Round "?"]
[White "Hossa"]
[Black "Jei"]
[Result "1-0"]
[WhiteElo "2621"]
[BlackElo "2135"]
[PlyCount "83"]
[EventDate "2001.??.??"]

1. c4 h6 2. d4 Nf6 3. Nc3 e6 4. e3 d5 5. Bd2 Be7 6. cxd5 exd5 7. Bd3 Nbd7 8.
Nge2 a6 9. f3 c5 10. O-O O-O 11. Nf4 cxd4 12. exd4 Nb6 13. Re1 Bd6 14. Rc1 Bd7
15. Be3 Bc6 16. Qd2 Rc8 17. Qf2 Re8 18. Bd2 Nc4 19. Bxc4 dxc4 20. Rxe8+ Qxe8
21. Qh4 Nh7 22. Nh5 Be7 23. Qg3 Bg5 24. d5 Bd7 25. Nxg7 Kxg7 26. f4 b5 27. fxg5
hxg5 28. Bxg5 Nxg5 29. Qxg5+ Kh8 30. Rf1 Qg8 31. Qh6+ Qh7 32. Qxh7+ Kxh7 33.
Rxf7+ Kg6 34. Rxd7 Re8 35. Rd6+ Kf5 36. Rxa6 Re1+ 37. Kf2 Rc1 38. Rb6 Rc2+ 39.
Kf3 Rxb2 40. g4+ Ke5 41. Ke3 Rxh2 42. Re6# {Jei checkmated} 1-0

[Event "ICS rated blitz match"]
[Site "204.178.125.65"]
[Date "2001.09.26"]
[Round "?"]
[White "sukizuki"]
[Black "Hossa"]
[Result "0-1"]
[WhiteElo "2123"]
[BlackElo "2623"]
[PlyCount "66"]
[EventDate "2001.??.??"]

1. e4 c6 2. d3 d5 3. Nd2 e5 4. Ngf3 Bd6 5. g3 Ne7 6. Bg2 O-O 7. O-O Bg4 8. h3
Bh5 9. g4 Bg6 10. Re1 Nd7 11. Nh2 Nc5 12. Nhf1 Qd7 13. Ng3 b6 14. Nf5 Bxf5 15.
exf5 Rfe8 16. Nf3 e4 17. Nd4 Nc8 18. f6 Be5 19. dxe4 Bxf6 20. exd5 Rxe1+ 21.
Qxe1 Bxd4 22. dxc6 Qe6 23. Qxe6 Nxe6 24. c3 Be5 25. f4 Bc7 26. f5 Nc5 27. Bf4
Bxf4 28. c7 Bxc7 29. Bxa8 Nd3 30. Rb1 Nd6 31. Kg2 Nc4 32. b3 Nf4+ 33. Kg1 Nxh3+
{sukizuki resigns} 0-1

[Event "ICS rated blitz match"]
[Site "204.178.125.65"]
[Date "2001.09.26"]
[Round "?"]
[White "Hossa"]
[Black "sukizuki"]
[Result "1-0"]
[WhiteElo "2629"]
[BlackElo "2121"]
[PlyCount "45"]
[EventDate "2001.??.??"]

1. c4 Nf6 2. g3 g6 3. Bg2 Bg7 4. d4 O-O 5. Nc3 d6 6. Nh3 Nbd7 7. O-O e5 8. Bg5
h6 9. Bc1 Re8 10. dxe5 Nxe5 11. b3 Nc6 12. Bb2 Bf5 13. Qd2 Qd7 14. Nf4 g5 15.
Nfd5 Nxd5 16. Nxd5 Ne5 17. e4 Be6 18. f4 gxf4 19. gxf4 Ng4 20. Bxg7 Kxg7 21.
Qc3+ Kh7 22. h3 Bxd5 23. cxd5 {sukizuki resigns} 1-0

[Event "ICS rated blitz match"]
[Site "204.178.125.65"]
[Date "2001.09.30"]
[Round "?"]
[White "Tinker"]
[Black "Hossa"]
[Result "1-0"]
[WhiteElo "2401"]
[BlackElo "2631"]
[PlyCount "92"]
[EventDate "2001.??.??"]

1. e4 c5 2. Nf3 d6 3. d4 cxd4 4. Nxd4 Nf6 5. Nc3 a6 6. Bg5 e6 7. f4 Nbd7 8. Qf3
Qc7 9. O-O-O Be7 10. g4 b5 11. Bxf6 Nxf6 12. g5 Nd7 13. f5 Ne5 14. Qh5 g6 15.
Qh6 b4 16. Nce2 Bb7 17. f6 b3 18. axb3 Bf8 19. Qh4 Qa5 20. Kb1 d5 21. Qh3 Qb6
22. exd5 Bxd5 23. Rg1 Bc5 24. Bg2 Bxg2 25. Rxg2 Rd8 26. c3 a5 27. Rgg1 Rb8 28.
Rge1 Rd8 29. Nf4 Bxd4 30. cxd4 Rxd4 31. Rxd4 Qxd4 32. Nxe6 Qg4 33. Qc3 Nc4 34.
Nd4+ Kd8 35. Qxc4 Re8 36. Qd5+ Qd7 37. Nc6+ Kc7 38. Qxa5+ Kxc6 39. Qa6+ Kc5 40.
Rc1+ Kd4 41. Rd1+ Ke3 42. Rxd7 Re5 43. Qf1 Ke4 44. h4 Rxg5 45. Qd3+ Ke5 46.
Qd4+ Kf5 {Hossa resigns} 1-0

[Event "ICS rated blitz match"]
[Site "204.178.125.65"]
[Date "2001.09.30"]
[Round "?"]
[White "Ballari"]
[Black "Hossa"]
[Result "0-1"]
[WhiteElo "2017"]
[BlackElo "2603"]
[PlyCount "50"]
[EventDate "2001.??.??"]

1. e4 e5 2. Nf3 d6 3. d4 Nf6 4. dxe5 Nxe4 5. exd6 Bxd6 6. Bd3 Nc5 7. O-O O-O 8.
Nc3 Bg4 9. h3 Bxf3 10. Qxf3 Nc6 11. Ne4 Ne5 12. Qe2 Nexd3 13. cxd3 Re8 14. Qc2
Nxd3 15. Nxd6 Qxd6 16. Be3 Re5 17. Rfd1 Rd5 18. Rd2 a5 19. Rad1 Rd8 20. a3 Rd7
21. Qc3 Qg6 22. Kh1 a4 23. Qc2 Nxf2+ 24. Bxf2 Qxc2 25. Rxc2 Rxd1+ {
Ballari resigns} 0-1

[Event "ICS rated blitz match"]
[Site "204.178.125.65"]
[Date "2001.09.30"]
[Round "?"]
[White "winner3"]
[Black "Hossa"]
[Result "1-0"]
[WhiteElo "2757"]
[BlackElo "2604"]
[PlyCount "137"]
[EventDate "2001.??.??"]

1. d4 Nf6 2. c4 e6 3. Nc3 Bb4 4. e3 c5 5. Nge2 cxd4 6. exd4 O-O 7. a3 Be7 8.
Nf4 d5 9. cxd5 Nxd5 10. Ncxd5 exd5 11. Bd3 Nc6 12. O-O Bg5 13. Re1 h6 14. Bc2
Qd6 15. g3 Rd8 16. h4 Bxf4 17. Bxf4 Qf6 18. Be5 Nxe5 19. dxe5 Qb6 20. Qd3 g6
21. Qb3 Qd4 22. h5 gxh5 23. Rad1 Qc5 24. Qd3 Kf8 25. Qh7 Qb6 26. Rd3 Ke7 27.
Rf3 Be6 28. Rxf7+ Bxf7 29. e6 Qxe6 30. Rxe6+ Kxe6 31. Qxh6+ Kd7 32. Qg7 Ke8 33.
Bg6 Bxg6 34. Qxg6+ Kd7 35. Qxh5 Kc6 36. Qg6+ Rd6 37. Qc2+ Kb6 38. b4 Rc6 39.
Qd3 Rd8 40. f4 Rc4 41. Kf2 Kb5 42. Kf3 Ka4 43. f5 Rc1 44. g4 d4 45. Kf4 Rc3 46.
Qd2 Kxa3 47. g5 Kxb4 48. g6 b5 49. g7 Kb3 50. Qd1+ Kb4 51. Qb1+ Ka3 52. f6 d3
53. f7 Rcc8 54. Qa1+ Kb3 55. Qd1+ Ka3 56. Ke3 b4 57. Qxd3+ Rxd3+ 58. Kxd3 Rd8+
59. Kc4 Rc8+ 60. Kb5 a6+ 61. Kxa6 Rc6+ 62. Kb5 Re6 63. f8=Q Re5+ 64. Kc4 Ka2
65. g8=Q Ka1 66. Qg1+ Re1 67. Qxe1+ Kb2 68. Qfxb4+ Kc2 69. Qbc3# {
Hossa checkmated} 1-0

[Event "ICS rated blitz match"]
[Site "204.178.125.65"]
[Date "2001.09.30"]
[Round "?"]
[White "Hossa"]
[Black "Ballari"]
[Result "1-0"]
[WhiteElo "2595"]
[BlackElo "2016"]
[PlyCount "46"]
[EventDate "2001.??.??"]

1. c4 Nf6 2. Nc3 g6 3. g3 Bg7 4. Bg2 O-O 5. d3 d6 6. Nf3 e5 7. O-O Nc6 8. Rb1
a5 9. Bg5 h6 10. Bd2 Bd7 11. Qc1 Kh7 12. Nb5 Ng8 13. Ne1 f5 14. f4 exf4 15.
Rxf4 Be5 16. Rf1 Nd4 17. Nxd4 Bxd4+ 18. e3 Bb6 19. Bxb7 Rb8 20. Bf3 Nf6 21. Ng2
Qe7 22. Qe1 Rbe8 23. Bxa5 Bxa5 {Ballari resigns} 1-0

[Event "ICS rated blitz match"]
[Site "204.178.125.65"]
[Date "2001.09.30"]
[Round "?"]
[White "Hossa"]
[Black "winner3"]
[Result "0-1"]
[WhiteElo "2596"]
[BlackElo "2785"]
[PlyCount "134"]
[EventDate "2001.??.??"]

1. c4 e5 2. Nc3 Nf6 3. Nf3 d6 4. d4 Nbd7 5. e4 g6 6. Be2 Bg7 7. dxe5 dxe5 8.
O-O O-O 9. Qc2 c6 10. Rd1 Re8 11. Be3 h6 12. Qd2 Ng4 13. Bc5 Qc7 14. Ba3 Qb6
15. Qe1 Bf8 16. Bxf8 Nxf8 17. h3 Nf6 18. Qd2 Kg7 19. Rab1 Be6 20. Nxe5 Bxh3 21.
Nxf7 Kxf7 22. gxh3 Kg7 23. Bd3 N8d7 24. Qf4 g5 25. Qg3 Ne5 26. Be2 Ng6 27. Rd6
Nf4 28. Bf1 Qb4 29. Rd4 Re5 30. Qe3 Qb6 31. b4 Qc7 32. Bg2 a5 33. bxa5 Raxa5
34. Rdd1 Nd7 35. Qd4 Nc5 36. Kh2 Ra3 37. Kh1 Kh7 38. Rb2 Qe7 39. Rdb1 Re6 40.
Kh2 Nfd3 41. Rxb7 Nxb7 42. Qxd3 Nc5 43. Qc2 Rd6 44. Kh1 Qe5 45. Ne2 Rdd3 46. f3
Qd6 47. Qb2 Nd7 48. Rc1 Rd2 49. Rc2 Rd1+ 50. Ng1 Qc5 51. Rf2 Ne5 52. Bf1 Kg8
53. Qb8+ Kg7 54. Qb2 Kh7 55. Kg2 Rd7 56. Rc2 Rda7 57. Qb1 Rf7 58. Be2 g4 59.
hxg4 Nxg4 60. Nh3 Qe5 61. Kf1 Qg3 62. Bd1 Raxf3+ 63. Bxf3 Rxf3+ 64. Ke2 Qg2+
65. Nf2 Qxf2+ 66. Kd1 Qf1+ 67. Kd2 Rd3# {Hossa checkmated} 0-1

[Event "ICS rated blitz match"]
[Site "204.178.125.65"]
[Date "2001.09.30"]
[Round "?"]
[White "Hossa"]
[Black "winner3"]
[Result "0-1"]
[WhiteElo "2612"]
[BlackElo "2769"]
[PlyCount "124"]
[EventDate "2001.??.??"]

1. d4 Nf6 2. c4 g6 3. Nc3 Bg7 4. e4 d6 5. f3 O-O 6. Be3 Nc6 7. Nge2 Rb8 8. Ng3
a6 9. d5 Ne5 10. Be2 c6 11. O-O Qc7 12. Qd2 b5 13. cxb5 axb5 14. dxc6 Nc4 15.
Bxc4 bxc4 16. Bg5 Qxc6 17. Rf2 Bb7 18. Bxf6 exf6 19. Rd1 Rfd8 20. Nge2 f5 21.
Nd4 Qb6 22. exf5 Re8 23. fxg6 hxg6 24. Ncb5 d5 25. Qf4 Be5 26. Qh6 Ra8 27. a3
Ra5 28. a4 Rxa4 29. Qd2 Raa8 30. f4 Bg7 31. f5 Re4 32. Rf3 Ba6 33. fxg6 fxg6
34. Ra3 Rb8 35. Kh1 Bxb5 36. Nxb5 Qxb5 37. Ra5 c3 38. Rxb5 cxd2 39. Rxb8+ Kh7
40. Kg1 Re1+ 41. Kf2 Rxd1 42. Ke2 Rg1 43. Kxd2 Rxg2+ 44. Ke3 Rxb2 45. Rxb2 Bxb2
46. Kf4 d4 47. Ke4 g5 48. h3 Kg6 49. Kd3 Kh5 50. Kd2 Kh4 51. Ke2 Kxh3 52. Kf2
g4 53. Ke2 g3 54. Kf3 g2 55. Kf4 g1=Q 56. Ke4 Qe3+ 57. Kd5 d3 58. Kd6 d2 59.
Kc6 d1=Q 60. Kb5 Qd7+ 61. Ka5 Bc3+ 62. Ka6 Qc6# {Hossa checkmated} 0-1

[Event "ICS rated blitz match"]
[Site "204.178.125.65"]
[Date "2001.09.30"]
[Round "?"]
[White "Danimir"]
[Black "Hossa"]
[Result "0-1"]
[WhiteElo "2398"]
[BlackElo "2603"]
[PlyCount "51"]
[EventDate "2001.??.??"]

1. d4 Nf6 2. e3 g6 3. c3 d5 4. f4 Bg7 5. Nf3 O-O 6. Bd3 Nbd7 7. O-O c5 8. Nbd2
Qc7 9. Ne5 Nxe5 10. fxe5 Ng4 11. Nf3 f6 12. exf6 Rxf6 13. Qe2 e5 14. dxe5 Nxe5
15. Nxe5 Rxf1+ 16. Qxf1 Bxe5 17. g3 Bg4 18. Qg2 Qf7 19. Bd2 Qe6 20. Re1 Bh3 21.
Qe2 c4 22. Bc2 Rf8 23. b3 Bg4 24. Qg2 Bf3 25. Qf2 Be4 26. Bxe4 {Danimir resigns
} 0-1

[Event "ICS rated blitz match"]
[Site "204.178.125.65"]
[Date "2001.09.30"]
[Round "?"]
[White "Hossa"]
[Black "EXchess"]
[Result "1-0"]
[WhiteElo "2611"]
[BlackElo "2551"]
[PlyCount "111"]
[EventDate "2001.??.??"]

1. d4 Nf6 2. c4 e6 3. Nf3 b6 4. Nc3 Bb7 5. Bg5 Bb4 6. e3 h6 7. Bh4 Bxc3+ 8.
bxc3 d6 9. Bd3 g5 10. Bg3 O-O 11. O-O Be4 12. Ne1 Bxd3 13. Qxd3 Nbd7 14. Nc2 e5
15. Nb4 e4 16. Qe2 Re8 17. Nc6 Qc8 18. f4 g4 19. Bh4 Qb7 20. d5 Qa6 21. Nb4 Qa3
22. Qd2 a5 23. Nc6 Qc5 24. Qe2 a4 25. Rab1 Qa3 26. Rfc1 Rac8 27. Nb4 Rb8 28.
Rc2 Rb7 29. Rd1 Re7 30. c5 dxc5 31. Nc6 c4 32. d6 Re6 33. Nd8 Rxd6 34. Rxd6
Qxd6 35. Nxb7 Qd3 36. Rd2 Qxc3 37. Be1 Qa3 38. Kf1 g3 39. hxg3 b5 40. Rxd7 Nxd7
41. Qg4+ Kf8 42. Qxd7 Qd3+ 43. Qxd3 exd3 44. Ba5 Ke7 45. Bxc7 f5 46. Bd6+ Ke6
47. g4 fxg4 48. e4 g3 49. f5+ Kf6 50. Bb4 h5 51. Bc3+ Kg5 52. Nd6 h4 53. e5 h3
54. gxh3 Kh4 55. e6 Kxh3 56. f6 {EXchess resigns} 1-0

[Event "ICS rated blitz match"]
[Site "204.178.125.65"]
[Date "2001.09.30"]
[Round "?"]
[White "nyul"]
[Black "Hossa"]
[Result "0-1"]
[WhiteElo "2067"]
[BlackElo "2624"]
[PlyCount "58"]
[EventDate "2001.??.??"]

1. e4 c6 2. d4 d5 3. exd5 cxd5 4. Nf3 Nc6 5. c3 e6 6. Bf4 Bd6 7. Bxd6 Qxd6 8.
Bd3 Bd7 9. O-O O-O-O 10. Re1 Qe7 11. b4 g5 12. Ne5 Nxe5 13. Rxe5 h5 14. a4 Nf6
15. Na3 Ng4 16. Re1 Kb8 17. Qe2 Qd6 18. g3 Rc8 19. Rec1 f5 20. Nb5 Bxb5 21.
axb5 h4 22. h3 Nxf2 23. Qxf2 hxg3 24. Qe2 Rxh3 25. Qe5 Qxe5 26. dxe5 f4 27. c4
f3 28. c5 Rch8 29. c6 Rh1# {nyul checkmated} 0-1

[Event "ICS rated blitz match"]
[Site "204.178.125.65"]
[Date "2001.09.30"]
[Round "?"]
[White "Hossa"]
[Black "nyul"]
[Result "1-0"]
[WhiteElo "2625"]
[BlackElo "2066"]
[PlyCount "113"]
[EventDate "2001.??.??"]

1. e4 e5 2. Nf3 Nc6 3. d4 exd4 4. Nxd4 Nxd4 5. Qxd4 Qf6 6. e5 Qb6 7. Qxb6 axb6
8. Nc3 Bb4 9. Bd2 Bxc3 10. Bxc3 Ne7 11. Bc4 O-O 12. f4 Nc6 13. Kf2 Na5 14. Bd5
c6 15. Bf3 c5 16. Rhd1 Nc6 17. a4 f6 18. Bd5+ Kh8 19. exf6 gxf6 20. g4 h6 21.
g5 hxg5 22. Bxc6 dxc6 23. fxg5 Bf5 24. Rd2 Kh7 25. gxf6 Rf7 26. Ke3 b5 27. b3
bxa4 28. Rxa4 Re8+ 29. Kf3 Kh8 30. Rh4+ Bh7 31. Rd7 Ref8 32. Rxb7 Kg8 33. Rg4+
Kh8 34. Rxf7 Rxf7 35. Rg2 Bf5 36. h4 Be6 37. Kf4 Bd5 38. Rg3 Kh7 39. h5 c4 40.
b4 Be6 41. Ke5 Bd5 42. Kf5 Bh1 43. Bd2 Bd5 44. Bf4 Bh1 45. h6 Bd5 46. c3 Bh1
47. Re3 Bd5 48. Re1 Bg2 49. Re8 Bd5 50. Be5 Bf3 51. Kg5 Bd5 52. Bd4 Bg2 53. Bc5
Bd5 54. Be7 Bg2 55. Bf8 Bd5 56. Bg7 Bg2 57. Rh8# {nyul checkmated} 1-0

[Event "ICS rated blitz match"]
[Site "204.178.125.65"]
[Date "2001.09.30"]
[Round "?"]
[White "Sjeng"]
[Black "Hossa"]
[Result "1-0"]
[WhiteElo "2477"]
[BlackElo "2619"]
[PlyCount "95"]
[EventDate "2001.??.??"]

1. d4 Nf6 2. c4 e6 3. g3 d5 4. Nf3 dxc4 5. Bg2 Nc6 6. O-O Be7 7. Qa4 O-O 8.
Qxc4 Nd5 9. Nc3 Nb6 10. Qd3 Nb4 11. Qd1 c5 12. dxc5 Bxc5 13. Bf4 N6d5 14. Nxd5
Nxd5 15. Be5 Qe7 16. Bd4 Bxd4 17. Qxd4 Rd8 18. Rfd1 Bd7 19. Rd2 Bb5 20. Qe5 f6
21. Qe4 Nb4 22. Bh3 e5 23. a3 Na6 24. Rc1 Qf7 25. Rdc2 Rab8 26. Bf5 g6 27. Bc8
Qe8 28. Bh3 Qf7 29. Bc8 Qe8 30. Bh3 Qf7 31. Qe3 Ba4 32. Rc4 Bb5 33. R4c2 Ba4
34. Rc3 Qa2 35. Rc4 Bb3 36. Be6+ Kf8 37. Nxe5 Qxb2 38. Qh6+ Ke7 39. Qxh7+ Kd6
40. R4c3 Kxe6 41. Qf7+ Kxe5 42. f4+ Kf5 43. e4+ Kxe4 44. Re1+ Qe2 45. Rxe2+ Kf5
46. Re5+ Kg4 47. Qxg6+ Kh3 48. Rh5# {Hossa checkmated} 1-0

[Event "ICS rated blitz match"]
[Site "204.178.125.65"]
[Date "2001.09.30"]
[Round "?"]
[White "harimau"]
[Black "Hossa"]
[Result "1-0"]
[WhiteElo "2896"]
[BlackElo "2612"]
[PlyCount "98"]
[EventDate "2001.??.??"]

1. d4 Nf6 2. c4 g6 3. Nc3 Bg7 4. e4 d6 5. Nf3 O-O 6. Be2 e5 7. O-O Nc6 8. d5
Ne7 9. Nd2 a5 10. a3 Bd7 11. b3 c6 12. Bb2 c5 13. Nb5 Ne8 14. b4 axb4 15. axb4
Rxa1 16. Qxa1 Bxb5 17. cxb5 cxb4 18. Qa4 f5 19. Qxb4 Bh6 20. Rd1 Bxd2 21. Rxd2
fxe4 22. Qxe4 Rf4 23. Qc2 Qd7 24. b6 Qd8 25. Qb3 Nf6 26. g3 Rf5 27. Rc2 Qf8 28.
Rc7 Ne4 29. f3 Ng5 30. Qd1 Rf7 31. Kg2 Nc8 32. h4 Nxb6 33. Rc2 Nxf3 34. Bxf3
Qe7 35. Bg4 Kg7 36. Bc1 Rf8 37. Bg5 Qe8 38. Be6 Kh8 39. Bh6 Rf6 40. Rc7 Rxe6
41. dxe6 Qxe6 42. Qf3 Qa2+ 43. Kh3 Qe6+ 44. g4 Qf5 45. gxf5 g5 46. Rc8+ Nxc8
47. f6 Nb6 48. f7 g4+ 49. Qxg4 Nd7 {Hossa resigns} 1-0

[Event "ICS rated blitz match"]
[Site "204.178.125.65"]
[Date "2001.10.01"]
[Round "?"]
[White "Sjeng"]
[Black "Hossa"]
[Result "1-0"]
[WhiteElo "2501"]
[BlackElo "2592"]
[PlyCount "113"]
[EventDate "2001.??.??"]

1. d4 Nf6 2. c4 e6 3. Nf3 d5 4. Nc3 Nbd7 5. Bg5 Bb4 6. cxd5 exd5 7. e3 c5 8.
Bd3 c4 9. Bf5 O-O 10. O-O Nb6 11. Bc2 Bg4 12. h3 Bh5 13. e4 Be7 14. Re1 dxe4
15. Bxf6 Bxf6 16. Bxe4 Rb8 17. g4 Bg6 18. Bxg6 fxg6 19. Rc1 Qd7 20. Re4 Qf7 21.
Qe2 g5 22. Ne5 Bxe5 23. dxe5 Rbd8 24. a4 Rd3 25. e6 Qe7 26. a5 Na8 27. Rxc4
Rxh3 28. Qe5 Rh6 29. Re1 b5 30. Nxb5 Qb7 31. Ree4 Qe7 32. Qd6 Qf6 33. Qxf8+
Qxf8 34. e7 Qe8 35. Rc8 Kf7 36. Nxa7 Nc7 37. Rxc7 Re6 38. Nc8 Rf6 39. Rd4 h5
40. gxh5 Re6 41. Rd8 g4 42. Rc4 Qxe7 43. Nxe7 Kxe7 44. Rcd4 Re5 45. a6 Ra5 46.
R4d7+ Kf6 47. a7 Ra2 48. Rf8+ Ke5 49. Rxg7 Ke6 50. a8=R Rxa8 51. Rxa8 Ke5 52.
Ra5+ Ke4 53. Rxg4+ Kd3 54. Rc5 Ke2 55. Rd4 Kf3 56. Rc3+ Ke2 57. Re3# {
Hossa checkmated} 1-0

[Event "ICS rated blitz match"]
[Site "204.178.125.65"]
[Date "2001.10.01"]
[Round "?"]
[White "Hossa"]
[Black "Sjeng"]
[Result "1-0"]
[WhiteElo "2572"]
[BlackElo "2521"]
[PlyCount "133"]
[EventDate "2001.??.??"]

1. e4 c5 2. Nf3 d6 3. d4 cxd4 4. Nxd4 Nf6 5. Nc3 a6 6. Be2 e6 7. O-O Be7 8. f4
O-O 9. Qe1 Nc6 10. Be3 Nxd4 11. Bxd4 b5 12. Qg3 Qc7 13. e5 dxe5 14. fxe5 Bc5
15. Qf2 Nd7 16. Bxc5 Nxc5 17. Rae1 b4 18. Bf3 Rb8 19. Ne2 Nd7 20. Nd4 Nxe5 21.
Rxe5 Qxe5 22. Nc6 Qb5 23. Nxb8 Qxb8 24. Qd4 Qb5 25. Re1 f6 26. Be4 a5 27. Bd3
Qc6 28. Rd1 Bb7 29. Qf2 e5 30. b3 Kh8 31. Bc4 Re8 32. Bf7 Rc8 33. Bc4 Qc7 34.
Qf5 Rd8 35. Rd3 Bc6 36. Kh1 Bd7 37. Qe4 h6 38. Qd5 Kh7 39. Rd2 e4 40. Qxe4+ Kh8
41. Bd3 f5 42. Qf3 Re8 43. Rd1 Qc5 44. Qg3 Re5 45. Bc4 Bc6 46. Rd8+ Be8 47. h3
g5 48. Rc8 Qe7 49. Kh2 Kh7 50. c3 f4 51. Qd3+ Bg6 52. Qd4 h5 53. Qb6 Bf5 54.
Rc7 g4 55. Rxe7+ Rxe7 56. Qxa5 g3+ 57. Kg1 Re1+ 58. Bf1 Kg6 59. Qxb4 Kg5 60.
h4+ Kg4 61. Qd4 Be4 62. Qf6 Bxg2 63. Kxg2 Re5 64. Bc4 Rf5 65. Be2+ f3+ 66.
Bxf3+ Kf4 67. Qd4# {Sjeng checkmated} 1-0

[Event "ICS rated blitz match"]
[Site "204.178.125.65"]
[Date "2001.10.01"]
[Round "?"]
[White "Hossa"]
[Black "Yaun"]
[Result "1-0"]
[WhiteElo "2585"]
[BlackElo "2404"]
[PlyCount "107"]
[EventDate "2001.??.??"]

1. d4 Nf6 2. c4 e6 3. Nf3 d5 4. g3 c6 5. Bg2 Be7 6. b3 O-O 7. O-O b6 8. Qc2 Bb7
9. Bf4 c5 10. dxc5 bxc5 11. cxd5 exd5 12. Nc3 Nc6 13. a3 d4 14. Na4 Na5 15.
Nxc5 Bxc5 16. b4 Bxb4 17. axb4 Nc6 18. b5 Nb4 19. Qc5 a5 20. bxa6 Nxa6 21. Qxd4
Qxd4 22. Nxd4 Bxg2 23. Kxg2 Nd5 24. Kf3 Nab4 25. Bd6 Rfd8 26. Rxa8 Rxa8 27. e4
Rd8 28. Nf5 g6 29. exd5 gxf5 30. Bxb4 Rxd5 31. Re1 Kg7 32. Bc3+ Kg6 33. Kf4 Rd6
34. Re5 Rc6 35. Bd4 Rc4 36. Rd5 f6 37. Rd6 h5 38. Rxf6+ Kg7 39. Rd6+ Kf7 40.
Kxf5 Rc2 41. Kg5 Ke7 42. Rh6 Rc4 43. Be3 Ra4 44. Kxh5 Ra5+ 45. Bg5+ Kf7 46. f3
Kg7 47. h3 Kg8 48. Kg4 Kg7 49. Rd6 Kg8 50. Rd7 Kf8 51. Bf6 Ra4+ 52. Kf5 Ra5+
53. Kg6 Ra6 54. Rd8# {Yaun checkmated} 1-0

[Event "ICS rated blitz match"]
[Site "204.178.125.65"]
[Date "2001.10.01"]
[Round "?"]
[White "Yaun"]
[Black "Hossa"]
[Result "0-1"]
[WhiteElo "2350"]
[BlackElo "2586"]
[PlyCount "108"]
[EventDate "2001.??.??"]

1. e4 e5 2. Nf3 d6 3. d4 Nf6 4. dxe5 Nxe4 5. Bd3 Nc5 6. Bf4 Nxd3+ 7. Qxd3 Nc6
8. exd6 Bxd6 9. Bxd6 Qxd6 10. Qxd6 cxd6 11. O-O Bg4 12. Nbd2 Kd7 13. h3 Bxf3
14. Nxf3 Rhe8 15. Rfe1 Nb4 16. Nd4 g6 17. a3 Nc6 18. Rxe8 Rxe8 19. Rd1 Nxd4 20.
Rxd4 Re1+ 21. Kh2 Re2 22. Kg3 Rxc2 23. Rb4 Kc6 24. Kf3 a5 25. Rb3 a4 26. Rb4 b5
27. g4 d5 28. Ke3 Kc5 29. g5 Rc4 30. f4 d4+ 31. Kd3 Rxb4 32. axb4+ Kxb4 33.
Kxd4 Kb3 34. Ke5 Kxb2 35. Kf6 a3 36. Kxf7 a2 37. Kg7 a1=Q 38. Kxh7 Qf1 39. Kxg6
Qxf4 40. Kh5 Qf3+ 41. Kh4 b4 42. g6 Qg2 43. Kh5 Qxh3+ 44. Kg5 Qg3+ 45. Kf6 b3
46. g7 Kc3 47. Kf7 Kd4 48. g8=Q Qxg8+ 49. Kxg8 b2 50. Kf7 Ke5 51. Kg6 b1=Q+ 52.
Kg5 Qg1+ 53. Kh4 Kf4 54. Kh5 Qg5# {Yaun checkmated} 0-1

[Event "ICS rated blitz match"]
[Site "204.178.125.65"]
[Date "2001.10.01"]
[Round "?"]
[White "Hossa"]
[Black "Viveiros"]
[Result "1-0"]
[WhiteElo "2587"]
[BlackElo "2103"]
[PlyCount "85"]
[EventDate "2001.??.??"]

1. d4 Nf6 2. c4 e6 3. Nf3 c5 4. d5 exd5 5. cxd5 d6 6. e3 g6 7. Nc3 Bg7 8. Bd3
O-O 9. O-O Re8 10. Bd2 a6 11. e4 b5 12. Bg5 h6 13. Bxf6 Bxf6 14. Qd2 Bg7 15.
Bc2 Nd7 16. Qf4 Qe7 17. Rfe1 Ne5 18. Nxe5 Qxe5 19. Qd2 Bd7 20. Bd3 c4 21. Bc2
b4 22. Nd1 c3 23. bxc3 bxc3 24. Qe3 Rec8 25. Rb1 Qd4 26. Rb7 Be8 27. Qe2 Bb5
28. Qf3 Qf6 29. Qg4 Rab8 30. Re3 h5 31. Qh3 Qd8 32. Rxf7 Be8 33. Ra7 Rb2 34.
Qe6+ Kh8 35. Rxa6 Rxc2 36. Rxd6 Rc1 37. Re1 Qg5 38. Qxc8 Rxd1 39. Rxd1 Qd2 40.
Qxe8+ Kh7 41. Qxg6+ Kh8 42. Rd8+ Bf8 43. Rxf8# {Viveiros checkmated} 1-0

[Event "ICS rated blitz match"]
[Site "204.178.125.65"]
[Date "2001.10.01"]
[Round "?"]
[White "Hossa"]
[Black "gaucholadino"]
[Result "1-0"]
[WhiteElo "2591"]
[BlackElo "2125"]
[PlyCount "55"]
[EventDate "2001.??.??"]

1. e4 e6 2. d4 d5 3. Nc3 Nf6 4. exd5 exd5 5. Bg5 Be7 6. Bd3 h6 7. Bf4 O-O 8.
Nf3 Re8 9. O-O Bg4 10. Re1 Nbd7 11. Nb5 Bb4 12. Bxc7 Rxe1+ 13. Qxe1 Bxe1 14.
Bxd8 Bxf3 15. Bxf6 Nxf6 16. Rxe1 Be4 17. Bxe4 Nxe4 18. f3 Nf6 19. Re7 Re8 20.
Rxb7 Re2 21. Rc7 a6 22. Nd6 h5 23. Rc8+ Kh7 24. Nxf7 h4 25. Rc7 Nh5 26. Rc6 Nf4
27. Ng5+ Kg8 28. Rc8+ {gaucholadino resigns} 1-0

[Event "ICS rated blitz match"]
[Site "204.178.125.65"]
[Date "2001.10.01"]
[Round "?"]
[White "Bounga-Iosif"]
[Black "Hossa"]
[Result "0-1"]
[WhiteElo "2285"]
[BlackElo "2593"]
[PlyCount "32"]
[EventDate "2001.??.??"]

1. d4 d5 2. Nf3 Nf6 3. Bg5 Ne4 4. Bf4 c5 5. c3 cxd4 6. cxd4 e6 7. Nc3 Bb4 8.
Qa4+ Nc6 9. Rc1 Bd7 10. Qb3 Qb6 11. e3 Na5 12. Qd1 Rc8 13. Qd3 Nc4 14. Qc2 Nxb2
15. Qb3 Rxc3 16. Rxc3 Bxc3+ {Bounga-Iosif resigns} 0-1